[Event "Championnat de France - Open A"]
[Site "Pau"]
[Date "2008.08.14"]
[Round "3.42"]
[White "Bornhauser, Eric"]
[Black "Normand, Vincent"]
[Result "1/2-1/2"]
[WhiteElo "1985"]
[BlackElo "2090"]
[PlyCount "70"]

1. e4 d5 2. exd5 Nf6 3. d4 Bg4 4. f3 Bf5 5. Bb5+ Nbd7 6. c4 e6 7. Nc3 exd5 8.
cxd5 a6 9. Bxd7+ Qxd7 10. Qb3 O-O-O 11. Bf4 Nxd5 12. Nxd5 Qxd5 13. Rc1 Qa5+ 14.
Kf2 Rd7 15. Ne2 Be6 16. Qc2 Bd6 17. Bxd6 Rxd6 18. b4 Qb6 19. a3 Bd7 20. Qc5 Bb5
21. Rhd1 Bxe2 22. Kxe2 Re8+ 23. Kf2 g6 24. Qxb6 Rxb6 25. g3 a5 26. Rc4 axb4 27.
axb4 Re7 28. Ra1 Kb8 29. h4 Rb5 30. Ra3 c6 31. Re3 Rxe3 32. Kxe3 Kc7 33. g4 h5
34. Ke4 Kd6 35. Rc5 Rxc5 1/2-1/2

[Event "Championnat de France - Open A"]
[Site "Pau"]
[Date "2008.08.14"]
[Round "3.43"]
[White "Jacquot, David"]
[Black "Moucheroud, Jeremy"]
[Result "0-1"]
[WhiteElo "2087"]
[BlackElo "2012"]
[PlyCount "46"]

1. d4 d5 2. Nf3 Nf6 3. Bg5 Ne4 4. Bh4 c5 5. e3 Nc6 6. Nbd2 Nxd2 7. Qxd2 Qb6 8.
c3 Bf5 9. dxc5 Qxc5 10. b4 Qd6 11. Bg3 Qd8 12. b5 Na5 13. Rd1 e6 14. Qd4 Be7
15. Be2 O-O 16. O-O b6 17. h4 Rc8 18. h5 h6 19. Bd3 Bxd3 20. Rxd3 Bf6 21. Be5
Rc4 22. Bxf6 gxf6 23. Qxc4 Nxc4 0-1

[Event "Championnat de France - Open A"]
[Site "Pau"]
[Date "2008.08.14"]
[Round "3.44"]
[White "Brih, Touatia"]
[Black "Poignot, Quentin"]
[Result "0-1"]
[WhiteElo "1934"]
[BlackElo "2087"]
[PlyCount "36"]

1. e4 c5 2. Nc3 a6 3. f4 b5 4. Nf3 Bb7 5. d3 e6 6. g3 d5 7. e5 Ne7 8. Bg2 h5 9.
a4 b4 10. Nb1 Nf5 11. Bh3 g6 12. Bxf5 gxf5 13. d4 Nc6 14. Be3 Qb6 15. c3 bxc3
16. bxc3 Qb2 17. Ra3 c4 18. Bc1 Qxb1 0-1

[Event "Championnat de France - Open A"]
[Site "Pau"]
[Date "2008.08.14"]
[Round "3.45"]
[White "Donskoi, Karel"]
[Black "Baudon, Sebastien"]
[Result "1/2-1/2"]
[WhiteElo "2084"]
[BlackElo "2009"]
[PlyCount "92"]

1. e4 c5 2. Nf3 Nc6 3. d4 cxd4 4. Nxd4 Nf6 5. Nc3 e5 6. Ndb5 d6 7. Bg5 a6 8.
Na3 b5 9. Nd5 Be7 10. Bxf6 Bxf6 11. c3 O-O 12. g3 Rb8 13. Nc2 Bg5 14. Bg2 Be6
15. O-O a5 16. f4 exf4 17. gxf4 Bh6 18. f5 Bc8 19. f6 Ne5 20. Ne7+ Kh8 21.
fxg7+ Bxg7 22. Nf5 Bxf5 23. exf5 Nc4 24. f6 Bxf6 25. Qh5 Ne5 26. Be4 Ng6 27.
Rf3 Rg8 28. Kh1 Rg7 29. Raf1 Bh4 30. Rxf7 Qg5 31. Bxg6 Qxg6 32. Qxg6 hxg6 33.
Rf8+ Rxf8 34. Rxf8+ Rg8 35. Rxg8+ Kxg8 36. Nd4 b4 37. cxb4 axb4 38. Nc2 Bf6 39.
Nxb4 Bxb2 40. Kg2 Kf7 41. Kf3 Ke6 42. Ke4 Be5 43. h3 Kf6 44. Nd5+ Kg5 45. a4
Bb2 46. Nb4 Bc3 1/2-1/2

[Event "Championnat de France - Open A"]
[Site "Pau"]
[Date "2008.08.14"]
[Round "3.46"]
[White "Fourcand, Pierre"]
[Black "Brongers, Henk"]
[Result "1/2-1/2"]
[WhiteElo "1933"]
[BlackElo "2070"]
[PlyCount "42"]

1. d4 Nf6 2. Nf3 g6 3. c4 Bg7 4. Nc3 d6 5. e4 O-O 6. Be2 e5 7. O-O Na6 8. Re1
c6 9. h3 Re8 10. Bf1 exd4 11. Nxd4 Nc5 12. f3 a5 13. Be3 Nh5 14. Qd2 Ng3 15.
Nde2 Nxf1 16. Rxf1 Be6 17. b3 Qe7 18. Bd4 Rad8 19. Bxg7 Kxg7 20. Qd4+ f6 21.
Rfe1 Bf7 1/2-1/2

[Event "Championnat de France - Open A"]
[Site "Pau"]
[Date "2008.08.14"]
[Round "3.47"]
[White "Forestier, Carole"]
[Black "Billon, Olivier"]
[Result "0-1"]
[WhiteElo "2067"]
[BlackElo "1999"]
[PlyCount "72"]

1. d4 Nf6 2. c4 g6 3. Nc3 Bg7 4. e4 d6 5. f4 c5 6. d5 O-O 7. Nf3 e6 8. Be2 exd5
9. cxd5 Bg4 10. O-O Nbd7 11. Re1 Re8 12. h3 Bxf3 13. Bxf3 Qa5 14. a4 c4 15. Be3
Nc5 16. Bxc5 Qxc5+ 17. Kh1 Nd7 18. Rc1 Qb4 19. Re2 Rac8 20. Bg4 Rcd8 21. Nb5
Nc5 22. Qc2 a6 23. Na3 c3 24. Rce1 Qxb2 25. Qxb2 cxb2 26. a5 Bc3 27. Rd1 Rxe4
28. Rc2 Bg7 29. f5 Rde8 30. Rf2 Ra4 31. Nb1 Ne4 32. Rf3 Ra1 33. Rdf1 Nc3 34.
fxg6 hxg6 35. Rxf7 Rxb1 36. Be6 Rxf1+ 0-1

[Event "Championnat de France - Open A"]
[Site "Pau"]
[Date "2008.08.14"]
[Round "3.48"]
[White "Pradere, Anthony"]
[Black "Ider, Borya"]
[Result "0-1"]
[WhiteElo "1930"]
[BlackElo "2065"]
[PlyCount "66"]

1. e4 c6 2. d4 d5 3. e5 c5 4. c3 Nc6 5. Nf3 Bg4 6. dxc5 e6 7. Be3 Bxf3 8. Qxf3
Nxe5 9. Qg3 Nc6 10. Bb5 Nf6 11. Nd2 g6 12. O-O Bg7 13. Bxc6+ bxc6 14. Bd4 O-O
15. b4 Re8 16. f4 Qc7 17. Be5 Qe7 18. Qe3 Nd7 19. Bxg7 Kxg7 20. Qd4+ f6 21. c4
e5 22. Qd3 a5 23. cxd5 axb4 24. dxc6 Qxc5+ 25. Kh1 Qxc6 26. Rac1 Qb7 27. Ne4
Rxa2 28. Qc4 b3 29. Rb1 f5 30. Rxb3 Qxe4 31. Qxe4 fxe4 32. Rb7 Re7 33. fxe5 Rd2
0-1

[Event "Championnat de France - Open A"]
[Site "Pau"]
[Date "2008.08.14"]
[Round "3.49"]
[White "Smith, Matthieu"]
[Black "Ane, Regis"]
[Result "1-0"]
[WhiteElo "2064"]
[BlackElo "1993"]
[PlyCount "57"]

1. d4 Nf6 2. g3 g6 3. Bg2 Bg7 4. e4 d6 5. h3 c5 6. c3 O-O 7. Ne2 e6 8. Be3 Nbd7
9. O-O Qc7 10. Nd2 Rb8 11. f4 b5 12. g4 h6 13. g5 hxg5 14. fxg5 Nh7 15. Nf3 Nb6
16. b3 Bb7 17. Nh2 f5 18. gxf6 Nxf6 19. Qd3 e5 20. dxc5 dxc5 21. Qxb5 Nxe4 22.
Qd3 c4 23. Qc2 Nc5 24. Bxb7 Rxf1+ 25. Rxf1 Rxb7 26. Qxg6 cxb3 27. Ng4 Nd5 28.
Nh6+ Kh8 29. Rf8+ 1-0

[Event "Championnat de France - Open A"]
[Site "Pau"]
[Date "2008.08.14"]
[Round "3.50"]
[White "Martinet, Regis"]
[Black "Cao, Philippe"]
[Result "1/2-1/2"]
[WhiteElo "2049"]
[BlackElo "1991"]
[PlyCount "134"]

1. e4 c5 2. Nf3 Nc6 3. Bb5 d6 4. Bxc6+ bxc6 5. h3 e5 6. Nc3 f5 7. exf5 Bxf5 8.
d3 Be7 9. Ne4 Nf6 10. Nfg5 O-O 11. Ng3 Bd7 12. Bd2 h6 13. N5e4 d5 14. Nxf6+
Rxf6 15. O-O Bd6 16. Qh5 Qe8 17. Rae1 Qxh5 18. Nxh5 Rf7 19. f4 Re8 20. fxe5
Bxe5 21. Rxf7 Kxf7 22. c3 Bd6 23. Rxe8 Bxe8 24. Bf4 Be7 25. Be3 g6 26. Ng3 h5
27. d4 cxd4 28. Bxd4 c5 29. Be3 a6 30. Kf2 Ke6 31. Ne2 Kf5 32. Kf3 Bc6 33. g4+
hxg4+ 34. hxg4+ Ke5 35. Bf4+ Ke6 36. Ke3 a5 37. a3 a4 38. Bh6 Ke5 39. Bf4+ Ke6
40. Bc7 Kd7 41. Be5 Ke6 42. Bc7 Kd7 43. Bg3 Ke6 44. Nf4+ Kf7 45. Nd3 Ke6 46.
Bf4 Be8 47. Bb8 Kd7 48. Kf4 Ke6 49. Ba7 g5+ 50. Kf3 c4 51. Nf2 Bd7 52. Nh3 Kf6
53. Bd4+ Kf7 54. Nf2 Bd6 55. Be3 Kg6 56. Nh3 Be7 57. Ng1 Be6 58. Kf2 Bd7 59.
Kg3 Bd6+ 60. Kh3 Be7 61. Nf3 Bf6 62. Kg3 Kh6 63. Bd4 Be7 64. Be5 Bc5 65. Bd4
Bd6+ 66. Be5 Bc5 67. Bd4 Bd6+ 1/2-1/2

[Event "Championnat de France - Open A"]
[Site "Pau"]
[Date "2008.08.14"]
[Round "3.51"]
[White "Neri, Jean-Baptiste"]
[Black "Lagunes, Jean-Renaud"]
[Result "0-1"]
[WhiteElo "1928"]
[BlackElo "2047"]
[PlyCount "112"]

1. e4 d6 2. d4 Nf6 3. Nc3 g6 4. f3 c6 5. Be3 Nbd7 6. Qd2 b5 7. g4 Bb7 8. Nge2
Nb6 9. Ng3 h5 10. gxh5 Nxh5 11. Nxh5 Rxh5 12. Bd3 Nc4 13. Bxc4 bxc4 14. Qe2 d5
15. e5 e6 16. f4 c5 17. Qf2 Qa5 18. Qd2 cxd4 19. Bxd4 Bb4 20. a3 O-O-O 21.
O-O-O Be7 22. Ne2 Qxd2+ 23. Rxd2 a6 24. Ng3 Rh3 25. Rf1 Rdh8 26. Bg1 c3 27. Rd3
cxb2+ 28. Kxb2 Bc6 29. Rc3 Kd7 30. Ka1 Rb8 31. Rb1 Rxb1+ 32. Kxb1 Bb5 33. Kb2
Rh4 34. Rf3 Kc6 35. Nf1 Bxf1 36. Rxf1 Rh3 37. c3 Bd8 38. Rc1 Bb6 39. c4 Bxg1
40. cxd5+ Kxd5 41. Rxg1 Rxh2+ 42. Kb3 Rh4 43. Rd1+ Ke4 44. Rd6 Rxf4 45. Rxa6
Kxe5 46. Ra5+ Kd6 47. a4 f5 48. Ra6+ Ke5 49. a5 Rh4 50. Rb6 g5 51. a6 Rh8 52.
a7 Ra8 53. Ra6 g4 54. Kc3 g3 55. Kd3 g2 56. Ra1 Rxa7 0-1

[Event "Championnat de France - Open A"]
[Site "Pau"]
[Date "2008.08.14"]
[Round "3.52"]
[White "Rodier, David"]
[Black "Cartigny, Patrick"]
[Result "1-0"]
[WhiteElo "2162"]
[BlackElo "2020"]
[PlyCount "59"]

1. d4 c5 2. d5 Nf6 3. g3 e6 4. c4 exd5 5. cxd5 Bd6 6. Bg2 O-O 7. Nf3 Bc7 8. O-O
d6 9. Nc3 Re8 10. Qc2 Ba5 11. Bg5 Bxc3 12. bxc3 Nbd7 13. c4 h6 14. Bf4 Nf8 15.
Rfe1 Ng6 16. Bc1 a6 17. Bb2 Rb8 18. e4 Nd7 19. Nd2 b5 20. f4 Nb6 21. e5 dxe5
22. fxe5 bxc4 23. e6 Nxd5 24. exf7+ Kxf7 25. Rxe8 Rxb2 26. Rxd8 Rxc2 27. Bxd5+
Be6 28. Bxe6+ Kxe6 29. Re1+ Kf5 30. Rd5+ 1-0

[Event "Championnat de France - Open A"]
[Site "Pau"]
[Date "2008.08.14"]
[Round "3.53"]
[White "Menneveux, Jerome"]
[Black "Prodhomme, Boris"]
[Result "1/2-1/2"]
[WhiteElo "2027"]
[BlackElo "2151"]
[PlyCount "79"]

1. e4 c5 2. Nf3 d6 3. d4 cxd4 4. Nxd4 Nf6 5. Nc3 a6 6. Bc4 e6 7. Bb3 Nbd7 8.
O-O Nc5 9. Qf3 Be7 10. Re1 O-O 11. Bg5 Qc7 12. a4 b6 13. Re3 Bb7 14. Qh3 Nxb3
15. Nxb3 Ne8 16. Rg3 Bxg5 17. Rxg5 Qd8 18. Rg3 Nf6 19. Qh6 Ne8 20. Re1 Qf6 21.
Qe3 Qd8 22. Nd4 Kh8 23. Nf3 Qc7 24. Qg5 h6 25. Qh4 Qd8 26. Qh5 Nf6 27. Qh4 Nh7
28. Qh5 Nf6 29. Qh4 Nd7 30. Qg4 Qf6 31. Ne2 Nc5 32. Nf4 Bxe4 33. Nh5 Bxf3 34.
gxf3 Qxb2 35. Qh4 g6 36. Nf6 Kg7 37. Nh5+ Kh8 38. Nf6 Kg7 39. Nh5+ Kh8 40. Nf6
1/2-1/2

[Event "Championnat de France - Open A"]
[Site "Pau"]
[Date "2008.08.14"]
[Round "3.54"]
[White "Jactel, Nicolas"]
[Black "Fernandez, Laura"]
[Result "0-1"]
[WhiteElo "2141"]
[BlackElo "2003"]
[PlyCount "82"]

1. e4 d5 2. exd5 Qxd5 3. Nc3 Qd6 4. d4 Nf6 5. Nf3 a6 6. g3 Bg4 7. Bg2 e6 8. O-O
Be7 9. h3 Bxf3 10. Qxf3 c6 11. Rd1 O-O 12. Bf4 Qd8 13. h4 Nbd7 14. h5 h6 15.
Ne4 Nxe4 16. Qxe4 Qa5 17. Bf3 Rad8 18. c4 Nf6 19. Qe2 Bd6 20. Bd2 Qc7 21. Bc3
Rfe8 22. Kg2 Qb8 23. Re1 Nh7 24. Be4 f5 25. Bc2 Nf6 26. Qf3 Nh7 27. c5 Ng5 28.
Qd3 Bxc5 29. Qc4 Bd6 30. Bxf5 b5 31. Qb3 c5 32. dxc5 Qb7+ 33. Kh2 Qf3 34. Bxe6+
Nxe6 35. cxd6 Qxf2+ 36. Kh3 Kh8 37. Rxe6 Qf5+ 38. Kg2 Rxe6 39. Rf1 Re2+ 40. Kg1
Qc5+ 41. Kh1 Qxh5+ 0-1

[Event "Championnat de France - Open A"]
[Site "Pau"]
[Date "2008.08.14"]
[Round "3.55"]
[White "Vaillant, Stephane"]
[Black "Nguyen-Huu, Hoang"]
[Result "0-1"]
[WhiteElo "2016"]
[BlackElo "2129"]
[PlyCount "80"]

1. d4 c6 2. c4 Qc7 3. Nf3 d6 4. Nc3 e5 5. e4 Nf6 6. Be2 Be7 7. O-O O-O 8. d5 a6
9. Bd2 Nbd7 10. b4 h6 11. Ne1 c5 12. a3 Nh7 13. Nc2 Bg5 14. Ne3 g6 15. Ng4 Kg7
16. Bxg5 hxg5 17. Kh1 Rh8 18. Na4 b6 19. Ne3 Ra7 20. Rb1 Qd8 21. bxc5 bxc5 22.
g4 Nhf8 23. Qc2 Rb7 24. Rxb7 Bxb7 25. Qb3 Bc8 26. Rb1 Qf6 27. f3 Qf4 28. Nf1 f5
29. Qe3 fxg4 30. Qxf4 gxf4 31. fxg4 Nf6 32. Kg2 Nxe4 33. Rb6 Nd7 34. Rc6 Kh6
35. Bd3 Ndf6 36. h3 a5 37. Rb6 Bd7 38. Nb2 Kg5 39. Rb7 f3+ 40. Kh2 Bxg4 0-1

[Event "Championnat de France - Open A"]
[Site "Pau"]
[Date "2008.08.14"]
[Round "3.56"]
[White "Castro, John"]
[Black "Dube, Dimitri"]
[Result "1-0"]
[WhiteElo "2014"]
[BlackElo "2124"]
[PlyCount "139"]

1. e4 Nf6 2. e5 Nd5 3. c4 Nb6 4. d4 d6 5. exd6 exd6 6. Nc3 Be7 7. Bd3 O-O 8.
Nge2 Bg4 9. O-O Na6 10. a3 c6 11. Qc2 Kh8 12. Nf4 Bf6 13. Be3 g6 14. h3 Bd7 15.
Ne4 Be7 16. d5 f5 17. Bd4+ Kg8 18. Nd2 Nc5 19. dxc6 bxc6 20. Rfe1 Bf6 21. Bxf6
Qxf6 22. b4 Nxd3 23. Qxd3 g5 24. Nh5 Qg6 25. Ng3 Rae8 26. a4 Bc8 27. a5 Nd7 28.
Rxe8 Rxe8 29. Qxf5 Nf6 30. Qxg6+ hxg6 31. b5 Bd7 32. Rb1 cxb5 33. cxb5 Rb8 34.
b6 axb6 35. Rxb6 Rxb6 36. axb6 Bc6 37. Nc4 Nd7 38. Nxd6 Nxb6 39. Nge4 Nd5 40.
Nxg5 Nf4 41. Nde4 Kg7 42. Kh2 Ba4 43. g3 Ne2 44. f4 Nd4 45. Nc5 Bc2 46. Nce6+
Nxe6 47. Nxe6+ Kf6 48. Nd4 Bd1 49. g4 Ba4 50. Kg3 Bd7 51. h4 Be8 52. Kh3 Bd7
53. Kg3 Bc8 54. Nb3 Bd7 55. Nc5 Bc6 56. Nd3 Be4 57. Ne5 Bd5 58. Nf3 Bc6 59. g5+
Kg7 60. f5 gxf5 61. Kf4 Bd7 62. h5 Be8 63. h6+ Kh7 64. Kxf5 Bg6+ 65. Kf6 Bb1
66. Ne5 Bc2 67. Nd7 Bb1 68. Nf8+ Kh8 69. g6 Ba2 70. g7+ 1-0

[Event "Championnat de France - Open A"]
[Site "Pau"]
[Date "2008.08.14"]
[Round "3.57"]
[White "Le Montagner, Yoann"]
[Black "Blachon, Pascal"]
[Result "0-1"]
[WhiteElo "2014"]
[BlackElo "2118"]
[PlyCount "50"]

1. e4 d6 2. d4 Nf6 3. Nc3 e5 4. Nf3 Nbd7 5. Bc4 Be7 6. Be3 O-O 7. h3 c6 8. a4
exd4 9. Bxd4 Nxe4 10. Nxe4 d5 11. Bxd5 cxd5 12. Nc3 Nf6 13. Qd3 Ne4 14. g4 Bb4
15. O-O f5 16. Nxe4 fxe4 17. Qb3 Rxf3 18. Qxb4 Rxh3 19. Ra3 Rh6 20. Qb5 a6 21.
Qb3 Qh4 22. Qxd5+ Be6 23. Qh5 Rxh5 24. gxh5 Bg4 25. Rg3 Bf3 0-1

[Event "Championnat de France - Open A"]
[Site "Pau"]
[Date "2008.08.14"]
[Round "3.58"]
[White "Guilbert, Jean-Louis"]
[Black "Garrel, Alain"]
[Result "1-0"]
[WhiteElo "2003"]
[BlackElo "2107"]
[PlyCount "163"]

1. d4 Nf6 2. c4 e5 3. dxe5 Ng4 4. e3 Nxe5 5. Nh3 Bb4+ 6. Bd2 Bxd2+ 7. Qxd2 d6
8. Nf4 O-O 9. Nc3 Nbc6 10. Be2 Ne7 11. O-O N7g6 12. Nxg6 hxg6 13. f4 Ng4 14. h3
Nf6 15. Rad1 Bf5 16. Bf3 c6 17. Qxd6 Qb6 18. Qd2 Rfe8 19. Rfe1 Ne4 20. Nxe4
Bxe4 21. Qd4 Bxf3 22. gxf3 Qa5 23. Qc3 Qf5 24. Kh2 Re7 25. Rd4 Rae8 26. a3 a5
27. Qd3 Qf6 28. Qd2 g5 29. Rd6 Re6 30. Rxe6 Rxe6 31. Rd1 gxf4 32. e4 Kh7 33.
Qxa5 Qh4 34. Qe1 Qh5 35. Qf2 Rh6 36. Qf1 Qh4 37. Qg2 Rg6 38. Qf1 Qg3+ 39. Kh1
Rh6 40. Rd2 Kg8 41. Rd8+ Kh7 42. Rd2 g5 43. Qg2 Qe1+ 44. Kh2 g4 45. fxg4 f3 46.
Qf2 Qxe4 47. Qd4 Qe1 48. Qf2 Qe5+ 49. Qg3 Qe4 50. Rf2 Rf6 51. Qh4+ Rh6 52. Qg5
Qxc4 53. Qf5+ Kg7 54. Qxf3 Qe6 55. Qf5 Qb3 56. Qf3 Qe6 57. g5 Qe5+ 58. Qf4 Re6
59. Kg3 Qxf4+ 60. Kxf4 Re1 61. Kf5 Rh1 62. Rf3 Rh2 63. b3 Rd2 64. h4 Rd4 65.
Rf4 Rd3 66. Rb4 b5 67. a4 bxa4 68. bxa4 Rd5+ 69. Ke4 Ra5 70. Rc4 f6 71. gxf6+
Kxf6 72. Rxc6+ Kf7 73. Rc4 Rh5 74. Kd3 Rd5+ 75. Kc3 Rd1 76. a5 Ra1 77. Kb4 Ke6
78. Kb5 Kd5 79. Rb4 Kd6 80. Kb6 Kd7 81. a6 Re1 82. a7 1-0

[Event "Championnat de France - Open A"]
[Site "Pau"]
[Date "2008.08.14"]
[Round "3.59"]
[White "Zaninetti, Laurent"]
[Black "Quenehen, Marc"]
[Result "0-1"]
[WhiteElo "2013"]
[BlackElo "2084"]
[PlyCount "66"]

1. c4 e5 2. g3 Nf6 3. Bg2 d5 4. cxd5 Nxd5 5. Nf3 Nc6 6. O-O Nb6 7. Nc3 Be7 8.
Rb1 O-O 9. b4 a6 10. a3 f5 11. d3 Be6 12. Be3 Bf6 13. Bxb6 cxb6 14. Rc1 Re8 15.
Nd2 Bg5 16. Rb1 e4 17. Nb3 exd3 18. exd3 Qd7 19. Na4 Bd8 20. Nb2 Bc7 21. d4
Rad8 22. Rc1 Qf7 23. d5 Bxd5 24. Bxd5 Rxd5 25. Qf3 Ne5 26. Qg2 Rd7 27. Rc3 f4
28. Nc1 f3 29. Qh3 Rd6 30. Qh4 Rh6 31. Qe4 Ree6 32. Nbd3 Rxh2 33. Nxe5 Rg2+ 0-1

[Event "Championnat de France - Open A"]
[Site "Pau"]
[Date "2008.08.14"]
[Round "3.60"]
[White "Vignier, Pascal"]
[Black "Lamard, Guillaume"]
[Result "0-1"]
[WhiteElo "2068"]
[BlackElo "2001"]
[PlyCount "162"]

1. e4 c5 2. Nf3 e6 3. Nc3 Nc6 4. Bc4 a6 5. a4 d6 6. d4 cxd4 7. Nxd4 Nf6 8. O-O
Be7 9. Be3 O-O 10. Nxc6 bxc6 11. a5 c5 12. Qe2 Bb7 13. f3 Qc7 14. Rfd1 Rfd8 15.
Bf2 d5 16. exd5 exd5 17. Bd3 Bd6 18. g3 Re8 19. Qd2 d4 20. Ne4 Nxe4 21. Bxe4
Bxe4 22. fxe4 Rxe4 23. Qd3 Re6 24. Qc4 Qb7 25. Ra3 Qb5 26. Qd5 Rae8 27. Rb3
Qxa5 28. Rb7 Qd8 29. Kg2 Be7 30. Rd7 Qa8 31. c3 Qxd5+ 32. Rxd5 dxc3 33. bxc3 c4
34. R1d4 Rc8 35. Rf4 Bf6 36. Bd4 Bxd4 37. Rdxd4 Re3 38. Rxc4 Rxc3 39. Rb4 g6
40. Rb7 R8c7 41. Rb8+ Kg7 42. Ra8 Ra3 43. Rf2 h5 44. Rb2 g5 45. Rd8 a5 46. Rd5
Kg6 47. h4 gxh4 48. gxh4 f6 49. Kh2 Rcc3 50. Rg2+ Kh6 51. Rf2 Rh3+ 52. Kg2
Rag3+ 53. Kf1 Rf3 54. Rxa5 Rxf2+ 55. Kxf2 Rxh4 56. Kf3 Rb4 57. Kg3 Kg6 58. Rc5
Rg4+ 59. Kh3 f5 60. Rb5 f4 61. Rb6+ Kf5 62. Rb5+ Ke4 63. Rxh5 Rg3+ 64. Kh2 Kf3
65. Ra5 Rg2+ 66. Kh3 Re2 67. Rf5 Re8 68. Kh2 Kg4 69. Rf7 Re2+ 70. Kg1 Kg3 71.
Rg7+ Kh3 72. Kf1 Ra2 73. Ke1 Ra1+ 74. Kd2 Kh2 75. Rf7 f3 76. Rf5 Kg2 77. Rg5+
Kf1 78. Rh5 Ra2+ 79. Ke3 f2 80. Kf3 Ra3+ 81. Kf4 Kg2 0-1

[Event "Championnat de France - Open A"]
[Site "Pau"]
[Date "2008.08.14"]
[Round "3.61"]
[White "Gras, Delphine"]
[Black "Iwanesko, Alexandre"]
[Result "0-1"]
[WhiteElo "1993"]
[BlackElo "2062"]
[PlyCount "174"]

1. e4 c5 2. Nf3 e6 3. d4 cxd4 4. Nxd4 a6 5. Bd3 Bc5 6. Nb3 Ba7 7. O-O Nc6 8.
N1d2 Nf6 9. Nc4 d6 10. Bg5 b5 11. Bxf6 gxf6 12. Ncd2 Bb7 13. a4 b4 14. Qh5 Ke7
15. Nc4 Ne5 16. Nba5 Qc7 17. Nxb7 Qxb7 18. Qe2 Rhg8 19. Kh1 Nxd3 20. Qxd3 Rad8
21. Na5 Qb6 22. Nc4 Qc5 23. Ne3 a5 24. Qa6 Rd7 25. Qd3 Qg5 26. g3 Bxe3 27. Qxe3
Qxe3 28. fxe3 Rc8 29. Rf2 Rdc7 30. Raf1 f5 31. exf5 e5 32. Re1 Rc5 33. Rd1 Rxc2
34. Rxc2 Rxc2 35. Rd5 Rxb2 36. Rxa5 Ra2 37. Rb5 Rxa4 38. Kg2 Kf6 39. g4 b3 40.
Kf3 Ra3 41. h4 h5 42. gxh5 Kxf5 43. Rb7 e4+ 44. Kg3 b2 45. Rb5+ Kf6 46. Kf4 Ra5
47. Rxb2 Rxh5 48. Kxe4 Rxh4+ 49. Kd5 Rh3 50. Kxd6 Rxe3 51. Rf2+ Kg7 52. Rg2+
Kf8 53. Rf2 Re6+ 54. Kd5 Ke7 55. Ra2 Re1 56. Rf2 f6 57. Rf5 Kf7 58. Rf2 Re5+
59. Kd6 Ra5 60. Re2 f5 61. Re5 Ra6+ 62. Kd5 Kf6 63. Re8 Ra4 64. Rf8+ Kg5 65.
Rg8+ Kf4 66. Rf8 Kg4 67. Ke5 Re4+ 68. Kd5 Re1 69. Kd4 f4 70. Rg8+ Kf3 71. Kd3
Re7 72. Kd2 Kf2 73. Rf8 Rd7+ 74. Kc2 f3 75. Rf6 Kg2 76. Rg6+ Kf1 77. Rf6 f2 78.
Rf8 Rd5 79. Re8 Kg2 80. Rg8+ Kf3 81. Rf8+ Kg3 82. Rf7 Rg5 83. Kd2 Kg2 84. Ke2
Re5+ 85. Kd2 f1=Q 86. Rg7+ Kh3 87. Rh7+ Kg4 0-1

[Event "Championnat de France - Open A"]
[Site "Pau"]
[Date "2008.08.14"]
[Round "3.62"]
[White "Lambert, Thierry"]
[Black "Hirt, Jean"]
[Result "1-0"]
[WhiteElo "2000"]
[BlackElo "2053"]
[PlyCount "69"]

1. d4 d5 2. c4 e6 3. Nc3 Nf6 4. cxd5 exd5 5. Bg5 Be7 6. e3 O-O 7. Bd3 h6 8. Bh4
c6 9. Nge2 b6 10. O-O Ba6 11. f3 Bxd3 12. Qxd3 Re8 13. e4 dxe4 14. fxe4 Nh7 15.
Bxe7 Rxe7 16. Ng3 g6 17. Nge2 Nd7 18. Nf4 Ndf8 19. Rad1 Ne6 20. Nxe6 Rxe6 21.
Ne2 Ng5 22. e5 c5 23. Nf4 Re7 24. d5 Kg7 25. Rde1 Qe8 26. Qc3 Kg8 27. h4 Nh7
28. d6 Rd7 29. Nd5 Qd8 30. Ne7+ Rxe7 31. dxe7 Qd4+ 32. Qxd4 cxd4 33. Rc1 g5 34.
Rc7 gxh4 35. Rd7 1-0

[Event "Championnat de France - Open A"]
[Site "Pau"]
[Date "2008.08.14"]
[Round "3.63"]
[White "Rodon, Gurvan"]
[Black "Brunstein, Sandrine"]
[Result "1/2-1/2"]
[WhiteElo "1989"]
[BlackElo "2049"]
[PlyCount "89"]

1. d4 e6 2. c4 Nf6 3. Nf3 b6 4. a3 Bb7 5. Nc3 d5 6. cxd5 exd5 7. g3 c5 8. Bg2
Nc6 9. O-O Be7 10. Bg5 h6 11. Bf4 O-O 12. Rc1 Qd7 13. Ne5 Qe6 14. Nxc6 Bxc6 15.
dxc5 bxc5 16. Na4 c4 17. Be3 Rfb8 18. Rb1 a5 19. Nc3 Rb3 20. Qd2 Rab8 21. Rfd1
Ne4 22. Nxe4 dxe4 23. Qxa5 Rxb2 24. Rxb2 Rxb2 25. Bd4 Rb3 26. a4 Ra3 27. Ra1
Rxa1+ 28. Bxa1 Qd6 29. Bf1 Qa3 30. Qe5 Bf6 31. Qb8+ Kh7 32. Bxf6 gxf6 33. Qc7
Bd5 34. h4 c3 35. Bg2 f5 36. Bh3 Kg6 37. Qe5 Be6 38. h5+ Kh7 39. Bxf5+ Bxf5 40.
Qxf5+ Kg7 41. Qg4+ Kf8 42. Qc8+ Ke7 43. Qc7+ Kf8 44. Qc8+ Kg7 45. Qg4+ 1/2-1/2

[Event "Championnat de France - Open A"]
[Site "Pau"]
[Date "2008.08.14"]
[Round "3.64"]
[White "Noizat, Pierre"]
[Black "Budin, Florent"]
[Result "1/2-1/2"]
[WhiteElo "2045"]
[BlackElo "1973"]
[PlyCount "103"]

1. e4 e6 2. d3 d5 3. Nd2 Nf6 4. Ngf3 Bc5 5. Be2 Nc6 6. O-O O-O 7. c3 a6 8. a4
Ne7 9. e5 Nd7 10. b4 Ba7 11. d4 f6 12. exf6 Nxf6 13. Bd3 c6 14. Ne5 Bb8 15. f4
Nf5 16. Ndf3 Bd7 17. Qc2 Bxe5 18. fxe5 Ng4 19. Re1 g6 20. h3 Ngh6 21. Bg5 Qe8
22. Qd2 Nf7 23. Bf6 Ng7 24. a5 Nh5 25. g4 Nxf6 26. exf6 Qb8 27. Kg2 Qc7 28. g5
Rae8 29. Ne5 Nxe5 30. Rxe5 Kf7 31. Qf4 Rh8 32. Qh4 Reg8 33. Rae1 Qd6 34. Qg3
Re8 35. h4 h5 36. Bxg6+ Kxg6 37. Qd3+ Kf7 38. g6+ Kxf6 39. Rf1+ Ke7 40. g7 Rhg8
41. Qg6 Kd8 42. Rxh5 Kc7 43. Rg5 Re7 44. Rf7 Be8 45. Rxe7+ Qxe7 46. Qh6 Bf7 47.
h5 Qe8 48. Qh7 Qe7 49. Rg4 e5 50. h6 Qe6 51. Rg5 exd4 52. cxd4 1/2-1/2

[Event "Championnat de France - Open A"]
[Site "Pau"]
[Date "2008.08.14"]
[Round "3.65"]
[White "Baudson, Charles"]
[Black "Hurpeau, Jean-Marc"]
[Result "1-0"]
[WhiteElo "2041"]
[BlackElo "1966"]
[PlyCount "146"]

1. e4 e6 2. d4 d5 3. e5 c5 4. Qg4 Nc6 5. Nf3 Bd7 6. a3 Qc7 7. Qg3 Nge7 8. Bd3
Ng6 9. O-O cxd4 10. Nxd4 Nxd4 11. Re1 Be7 12. Nd2 Qb6 13. Nf3 Bb5 14. Bxb5+
Qxb5 15. Nxd4 Qd7 16. Bg5 Bxg5 17. Qxg5 a6 18. f4 Qe7 19. Qg3 Qh4 20. Qxh4 Nxh4
21. g3 Ng6 22. f5 Nf8 23. Re3 Rc8 24. Rb3 Rc7 25. Rb6 Ke7 26. fxe6 fxe6 27. Rf1
h5 28. Rf3 Kd7 29. Kf1 Kc8 30. Ke1 Re7 31. Kd1 Kc7 32. Rfb3 Kc8 33. Nc6 Rc7 34.
Na5 Nd7 35. Rxb7 Rxb7 36. Nxb7 Nxe5 37. Nc5 Rh6 38. Rb6 Nc4 39. Rc6+ Kb8 40. b3
Ne3+ 41. Ke2 Nf5 42. Kd3 h4 43. g4 Ng3 44. Rxe6 h3 45. Rxh6 gxh6 46. Nd7+ Kc7
47. Ne5 Ne4 48. Kd4 Nf6 49. Ke3 Ng8 50. Kf4 Kd6 51. Nd3 Ne7 52. Kg3 d4 53. Kxh3
Nd5 54. Kh4 Ne3 55. Kh5 Kd5 56. Nf2 Nxc2 57. Kxh6 Ke5 58. g5 Ne3 59. g6 Nf5+
60. Kh7 Kf4 61. g7 Ne7 62. g8=Q Nxg8 63. Kxg8 Ke3 64. Nd1+ Kd2 65. Nb2 Kc2 66.
Nc4 Kxb3 67. Ne5 Kxa3 68. h4 a5 69. h5 a4 70. h6 Kb2 71. h7 a3 72. Nc4+ Kb3 73.
Nxa3 Kxa3 1-0

[Event "Championnat de France - Open A"]
[Site "Pau"]
[Date "2008.08.14"]
[Round "3.66"]
[White "Moullier, Igor"]
[Black "Chizelle, Bernard"]
[Result "0-1"]
[WhiteElo "2041"]
[BlackElo "1960"]
[PlyCount "68"]

1. d4 Nf6 2. c4 g6 3. Nc3 Bg7 4. e4 d6 5. Be2 O-O 6. Nf3 e5 7. O-O Nc6 8. d5
Ne7 9. b4 Ne8 10. c5 Kh8 11. Nd2 f5 12. f3 f4 13. Nc4 g5 14. Ba3 Rf6 15. b5 b6
16. cxd6 cxd6 17. Bb4 Bd7 18. a4 Nc8 19. a5 Rb8 20. axb6 axb6 21. Qb3 Rg6 22.
Nd2 h5 23. Ra2 g4 24. Rfa1 g3 25. hxg3 Rxg3 26. Kf2 Qh4 27. Ke1 Rxg2+ 28. Kd1
Qh2 29. Qc4 Rb7 30. Ra8 Rc7 31. Qd3 Qg1+ 32. Bf1 Rf2 33. Kc2 Qh2 34. Be2 Rxe2
0-1